000
00244nam a22000857a 4500
008
160629b xxu||||| |||| 00| 0 eng d
100
_9
1324
_a
Bhargava, G.S
245
_a
The Press in India An Overview
260
_a
New Delhi
_b
National Book Trust
_c
2005
999
_c
1086
_d
1086